| 000 | 00634nam a2200205Ia 4500 | ||
|---|---|---|---|
| 003 | GCL | ||
| 008 | 140319s9999 xx 000 0 ara d | ||
| 040 |
_aGCL / _cGCL |
||
| 082 | 0 | 4 |
_a791.437 _bل س |
| 100 | 1 | _aنجيب محفوظ | |
| 245 | 1 | 0 |
_aسيناريو ريا وسكينة نفذ سنة 1953 / _cنجيب محفوظ |
| 700 | 1 | _aصلاح ابوسيف | |
| 700 | 1 | _aلطفى عثمان | |
| 300 | _a217 ص | ||
| 490 |
_aالهيئة العامة للاستعلامات _v0 |
||
| 650 | 0 | 4 | _aالافلام السينمائية |
| 650 | 0 | 4 | _aالسينما - افلام |
| 650 | 0 | 4 | _aريا وسكينة |
| 942 |
_2ddc _cBK |
||
| 999 |
_c50655 _d50655 |
||